Представление документа в формате RUSMARC

ПолеНазваниеЗначение
  Тип записи a
  Библиографический уровень m
001 Контрольный номер 657f3ae0a91044ec9a17f56c20240445
005 Дата корректировки 20150824103241.1
010 Индекс ISBN __
a ISBN 978-5-9916-2011-6
101 Язык документа 0_
a Язык текста rus
102 Страна публикации __
a Страна публикации RU
200 Заглавие и сведения об ответственности 1_
a Заглавие Международная статистика
b Общее обозначение материала Текст
e Сведения, относящиеся к заглавию учеб. для магистров
f Первые сведения об ответственности под ред. Б.И. Башкатова, А.Е. Суринова
g Последующие сведения об ответственности Высш. шк. экономики
205 Сведения об издании __
a Основные сведения об издании 2-е изд., перераб. и доп.
210 Выходные данные 1_
a Место издания Москва
c Издательство Юрайт
d Дата издания 2015
215 Физическое описание __
a Объем 701 с.
225 Серия 2_
a Серия Магистр
610 Ключевые слова 0_
a Ключевые слова Международная статистика
610 Ключевые слова 0_
a Ключевые слова статистика населения
610 Ключевые слова 0_
a Ключевые слова Статистика труда
610 Ключевые слова 0_
a Ключевые слова статистика национального богатства
610 Ключевые слова 0_
a Ключевые слова статистика окружающей среды
610 Ключевые слова 0_
a Ключевые слова экономическая статистика
610 Ключевые слова 0_
a Ключевые слова статистика уровня жизни населения
686 Индексы других классификаций __
a Классификационный индекс 60.6я73
686 Индексы других классификаций __
a Классификационный индекс 65.051я73
702 Вторичная интеллектуальная ответственность _1
a Фамилия Башкатов
b Имя Б. И.
e Роль лиц Редактор
4 Код отношения 340
702 Вторичная интеллектуальная ответственность _1
a Фамилия Суринов
b Имя А. Е.
e Роль лиц Редактор
4 Код отношения 340
712 Наименование организации (Вторичная ответственность) 02
a Организация/ юрисдикция Высш. шк. экономики
801 Источник записи _0
a Страна RU
b Организация РУК
c Дата составления 20150824
g Правила каталогизации PSBO
801 Источник записи _1
a Страна RU
b Организация РУК
g Правила каталогизации PSBO
852 Данные о местонахождении __
i Авторский знак М 43
j Шифр хранения ББК 60.6
901 Тип документа __
t Тип документа m
937 Технологическая информация __
a Создатель записи (имя) Золотухина
938 Служебная информация __
a Название организации Головной вуз
952 Тип литературы __
b Гриф литературы для ВШ гриф УМО
c Вид литературы учебник